Josh Turner Charting Songs (Billboard Hot 100) - Statistics

General Stats
  • This quiz has been taken 27 times
  • The average score is 5 of 11
Answer Stats
Album Weeks On Peak Artist(s) Song % Correct
Your Man 20 Weeks #38 Josh Turner Your Man
95%
Long Black Train 18 Weeks #72 Josh Turner Long Black Train
82%
Your Man 20 Weeks #43 Josh Turner Would You Go With Me
77%
Haywire 20 Weeks #35 Josh Turner Why Don't We Just Dance
64%
Everything is Fine 20 Weeks #50 Josh Turner Firecracker
55%
Deep South 16 Weeks #56 Josh Turner Hometown Girl
50%
Your Man 2 Weeks #98 Josh Turner Me and God
27%
Punching Bag 25 Weeks #44 Josh Turner Time is Love
27%
Everything is Fine 3 Weeks #96 Josh Turner ft. Trisha Yearwood Another Try
14%
Haywire 1 Week #92 Josh Turner I Wouldn't Be a Man
14%
Haywire 18 Weeks #59 Josh Turner All Over Me
5%
No matching quizzes found
Score Distribution
Percent of People with Each Score
Percentile by Number Answered
Your Score History
You have not taken this quiz